Mạch SCR

Uloženo v:
Podrobná bibliografie
Hlavní autor: Nguyễn Minh Đức
Médium: Kniha
Jazyk:Undetermined
Vydáno: Tp. Hồ Chí Minh Tổng hợp Tp. Hồ Chí Minh 2004
Témata:
Tagy: Přidat tag
Žádné tagy, Buďte první, kdo otaguje tento záznam!
Thư viện lưu trữ: Trung tâm Học liệu Trường Đại học Cần Thơ
LEADER 00536nam a2200193Ia 4500
001 CTU_87456
008 210402s9999 xx 000 0 und d
020 |c 15000 
082 |a 621.381 
082 |b Đ552 
100 |a Nguyễn Minh Đức 
245 0 |a Mạch SCR 
245 0 |c Nguyễn Minh Đức 
260 |a Tp. Hồ Chí Minh 
260 |b Tổng hợp Tp. Hồ Chí Minh 
260 |c 2004 
650 |a electronic engineering 
904 |i Năm 
980 |a Trung tâm Học liệu Trường Đại học Cần Thơ